Interpreting Revelation / (Record no. 4356)
[ view plain ]
| 000 -LEADER | |
|---|---|
| fixed length control field | 00748cam a2200265Ia 4500 |
| 001 - CONTROL NUMBER | |
| control field | 21323 |
| 003 - CONTROL NUMBER IDENTIFIER | |
| control field | GBCCL |
| 005 - DATE AND TIME OF LATEST TRANSACTION | |
| control field | 20241126110516.0 |
| 008 - FIXED-LENGTH DATA ELEMENTS--GENERAL INFORMATION | |
| fixed length control field | 860128s1957 miu b 001 0 eng d |
| 010 ## - | |
| -- | 57007391 |
| 020 ## - INTERNATIONAL STANDARD BOOK NUMBER | |
| International Standard Book Number | 0802832547 |
| 035 ## - SYSTEM CONTROL NUMBER | |
| System control number | (OCoLC)13074699 |
| 040 ## - CATALOGING SOURCE | |
| Original cataloging agency | NCA |
| Transcribing agency | NCA |
| 049 ## - | |
| -- | LBBK |
| -- | 1-3 |
| -- | LBBC |
| 082 ## - DEWEY DECIMAL CLASSIFICATION NUMBER | |
| Classification number | 228.06 |
| Item number | TEN |
| 092 ## - LOCALLY ASSIGNED DEWEY CALL NUMBER (OCLC) | |
| Classification number | 228.1 |
| Item number | T299 |
| 100 1# - MAIN ENTRY--PERSONAL NAME | |
| Personal name | Tenney, Merrill Chapin, |
| Dates associated with a name | 1904- |
| 9 (RLIN) | 8197 |
| 245 10 - TITLE STATEMENT | |
| Title | Interpreting Revelation / |
| Statement of responsibility, etc. | Merrill C. Tenney. |
| 260 ## - PUBLICATION, DISTRIBUTION, ETC. | |
| Place of publication, distribution, etc. | Grand Rapids : |
| Name of publisher, distributor, etc. | Eerdmans, |
| Date of publication, distribution, etc. | c1957 |
| Date of manufacture | (1978 printing) |
| 300 ## - PHYSICAL DESCRIPTION | |
| Extent | 220 p. ; |
| Dimensions | 23 cm. |
| 500 ## - GENERAL NOTE | |
| General note | Includes index. |
| 504 ## - BIBLIOGRAPHY, ETC. NOTE | |
| Bibliography, etc. note | Bibliography: p. 207-211. |
| 630 00 - SUBJECT ADDED ENTRY--UNIFORM TITLE | |
| Uniform title | Bible. |
| Name of part/section of a work | N.T. |
| -- | Revelation |
| General subdivision | Commentaries. |
| 9 (RLIN) | 8161 |
| 942 ## - ADDED ENTRY ELEMENTS (KOHA) | |
| Source of classification or shelving scheme | Dewey Decimal Classification |
| Koha item type | Books |
| Koha issues (borrowed), all copies | 9 |
| Withdrawn status | Lost status | Source of classification or shelving scheme | Damaged status | Not for loan | Home library | Current Library | Shelving location | Date acquired | Total checkouts | Full call number | Barcode | Date last seen | Date last checked out | Copy number | Price effective from | Koha item type |
|---|---|---|---|---|---|---|---|---|---|---|---|---|---|---|---|---|
| Dewey Decimal Classification | GRACE BIBLE COLLEGE | GRACE BIBLE COLLEGE | Biblical Studies | 2018-01-19 | 10 | 228.06 TEN | 000633 | 2025-05-01 | 2025-01-23 | c.1 | 2018-01-19 | Books |